Alphabet Streets in Portland, OR - Statistics

General Stats
  • This quiz has been taken 149 times
    137 since last reset
  • The average score is 10 of 24
Answer Stats
Hint Answer % Correct
B Burnside
83%
C Couch
82%
F Flanders
67%
E Everett
64%
D Davis
62%
L Lovejoy
57%
G Glisan
52%
Q Quimby
52%
A Ankeny
51%
J Johnson
48%
I Irving
47%
H Hoyt
43%
K Kearney
40%
O Overton
36%
N Northrup
33%
T Thurman
33%
M Marshall
32%
P Pettygrove
29%
R Raleigh
27%
V Vaughn
24%
U Upshur
22%
S Savier
20%
W Wilson
14%
Y York
12%
No matching quizzes found
Score Distribution
Percent of People with Each Score
Percentile by Number Answered
Your Score History
You have not taken this quiz since the last reset